Phương pháp học ngữ pháp tiếng pháp = Grammaire Francaise
Đã lưu trong:
| Hovedforfatter: | |
|---|---|
| Format: | Bog |
| Sprog: | Undetermined |
| Udgivet: |
Thành phố Hồ Chí Minh
Nhà xuất bản Thành phố Hồ Chí Minh
2003
|
| Fag: | |
| Tags: |
Tilføj Tag
Ingen Tags, Vær først til at tagge denne postø!
|
| Thư viện lưu trữ: | Trung tâm Học liệu Trường Đại học Cần Thơ |
|---|
| LEADER | 00639nam a2200217Ia 4500 | ||
|---|---|---|---|
| 001 | CTU_93971 | ||
| 008 | 210402s9999 xx 000 0 und d | ||
| 020 | |c 35000 | ||
| 082 | |a 445 | ||
| 082 | |b B766 | ||
| 100 | |a Bourbon, Wendy | ||
| 245 | 0 | |a Phương pháp học ngữ pháp tiếng pháp = | |
| 245 | 0 | |b Grammaire Francaise | |
| 245 | 0 | |c Wendy Bourbon | |
| 260 | |a Thành phố Hồ Chí Minh | ||
| 260 | |b Nhà xuất bản Thành phố Hồ Chí Minh | ||
| 260 | |c 2003 | ||
| 650 | |a French language | ||
| 650 | |x Grammar | ||
| 904 | |i M.Loan | ||
| 980 | |a Trung tâm Học liệu Trường Đại học Cần Thơ | ||